| 000 | 00000nam##2200000za#4500 |
| 001 | 9.644330 |
| 003 | CaOODSP |
| 005 | 20250506145324 |
| 007 | cr ||||||||||| |
| 008 | 150407|1967||||xxc|||||o f|0| 0 fre|d |
| 040 | |aCaOODSP|bfre |
| 043 | |an-cn--- |
| 086 | 1 |aA43-1290/1967F-PDF |
| 110 | 1 |aCanada.|bAgriculture Canada. |
| 245 | 10|aRépression des taupins en Nouvelle-Écosse / |h[ressource électronique]|c[par] C.J.S. Fox and M.E. Neary. |
| 260 | |aOttawa - Ontario : |bAgriculture Canada |c1967. |
| 300 | |a8p.|bill. |
| 500 | |aPublication historique numérisée par Agriculture et Agroalimentaire Canada. |
| 590 | |a15-03-Supp|b2015-03-13 |
| 720 | 1 |aFox, C. J. S. |
| 720 | 1 |aNeary, M. E. |
| 775 | 08|tControl of wireworms in Nova Scotia / |w(CaOODSP)9.700438 |
| 856 | 40|ahttp://publications.gc.ca|qPDF|s417 Ko|uhttps://publications.gc.ca/collections/collection_2015/aac-aafc/A43-1290-1967-fra.pdf |
| 986 | |aPublication 1290 |